| 000 | 01002nam a2200301Ia 4500 | ||
|---|---|---|---|
| 001 | A8263 | ||
| 003 | IT-RoPAU | ||
| 008 | 130308s9999 xx 000 0 und d | ||
| 040 | _aIT-RoPAU | ||
| 040 | _cIT-RoPAU | ||
| 041 | _aITALIANO | ||
| 100 | _aBrovelli Franco | ||
| 100 | _gCodice Aut. SPICS: 17370 | ||
| 245 | _aCelebrazioni del triduo pasquale (Le) | ||
| 245 | _bMessale romano del Vaticano Ii (Il)-1-La celebrazione del mistero di Cristo nell'Anno Liturgico | ||
| 250 | _a1a ed. | ||
| 260 | _aTORINO/LEUMANN | ||
| 260 | _bElle Di Ci | ||
| 260 | _c1984 [1° Ed.:1984 - Ed.Ling.Originale:1984] | ||
| 300 | _a"47 p. (prefazione: no ; testo: 47 [pagine: 351-397])" | ||
| 500 | _aGiovedi' Santo: messa vespertina della cena del Signore. Venerdi' Santo: celebrazione della passione del Signore. Domenica di Pasqua: Veglia Pasqualenella Notte Santa. | ||
| 650 | _aEUCARISTIA | ||
| 650 | _eCodice materia Spics: 9153 | ||
| 942 | _cBK | ||
| 957 | _71 | ||
| 999 |
_c63330 _d63330 |
||
| 999 | _bSI | ||
| 999 | _g1 | ||